Prelims possible- Indian history: (Record no. 11986)

MARC details
000 -LEADER
fixed length control field 00749nam a22002417a 4500
005 - DATE AND TIME OF LATEST TRANSACTION
control field 20240925095012.0
008 - FIXED-LENGTH DATA ELEMENTS--GENERAL INFORMATION
fixed length control field 240925b |||||||| |||| 00| 0 eng d
020 ## - INTERNATIONAL STANDARD BOOK NUMBER
International Standard Book Number 9789359989006
040 ## - CATALOGING SOURCE
Original cataloging agency IN-DiNC
Transcribing agency IN-DiNC
041 ## - LANGUAGE CODE
Language code of sung or spoken text English
082 ## - DEWEY DECIMAL CLASSIFICATION NUMBER
Classification number 030
Item number RAJ
100 ## - MAIN ENTRY--PERSONAL NAME
Personal name Rajan, Rajesh
Relator term Author
245 ## - TITLE STATEMENT
Title Prelims possible- Indian history:
Remainder of title IAS & state PCS 300+solved (chapterwise-topicwise 2023-1990)/
Statement of responsibility, etc. by Rajesh Rajan and Aditya Raj
260 ## - PUBLICATION, DISTRIBUTION, ETC.
Place of publication, distribution, etc. New Delhi:
Name of publisher, distributor, etc. Arihant,
Date of publication, distribution, etc. n.a.
300 ## - PHYSICAL DESCRIPTION
Extent 724p.
650 ## - SUBJECT ADDED ENTRY--TOPICAL TERM
Topical term or geographic name entry element History of ancient India
650 ## - SUBJECT ADDED ENTRY--TOPICAL TERM
Topical term or geographic name entry element History of medieval India
650 ## - SUBJECT ADDED ENTRY--TOPICAL TERM
Topical term or geographic name entry element History of modern India
650 ## - SUBJECT ADDED ENTRY--TOPICAL TERM
Topical term or geographic name entry element Indian National movement
650 ## - SUBJECT ADDED ENTRY--TOPICAL TERM
Topical term or geographic name entry element Art and culture
700 ## - ADDED ENTRY--PERSONAL NAME
Personal name Raj, Aditya
Relator term Author
942 ## - ADDED ENTRY ELEMENTS (KOHA)
Source of classification or shelving scheme Dewey Decimal Classification
Koha item type Books
Holdings
Withdrawn status Lost status Source of classification or shelving scheme Damaged status Not for loan Collection code Home library Current library Shelving location Date acquired Cost, normal purchase price Total Checkouts Full call number Barcode Date last seen Date last checked out Copy number Price effective from Koha item type
    Dewey Decimal Classification     General Collection Naharkatiya College Library Naharkatiya College Library General Stacks 25/09/2024 645.00 1 030 RAJ 30369 22/04/2025 05/04/2025 1 25/09/2024 Books

Naharkatiya College © 2020. All rights reserved.

Powered By